000 00744nam a2200205 a 4500
008 120416s1989 ||||||||||||||||| || u
020 _a0521367700
020 _a0521367700
050 _aBC 135 Mar
100 _aMartin, Norman M
245 1 0 _aSystems of logic
260 _aCambridge
_bCambridge University Press
_c1989
300 _axi, 318p.
350 _a0.00
500 _aIncludes bibliographical references.
650 _aPHILOSOPHY
650 _aLOGIC, SYMBOLICAL AND MATHEMATICAL
856 _uhttp://www.loc.gov/catdir/description/cam023/88007893.html
995 _D0.00
_FCBU-MAIN LIBRARY (Kitwe)
_H1
_I13.95
_M1
_UAVAILABLE
_WMay 12, 2006
_ZMain Library Open Access Collection
999 _c59336
_d59336